LEADER 03287nam 22005415 450 001 9910300482503321 005 20200703161419.0 010 $a978-981-13-0206-0 010 $a981-13-0206-5 024 7 $a10.1007/978-981-13-0206-0 035 $a(CKB)4100000004244365 035 $a(MiAaPQ)EBC5400823 035 $a(DE-He213)978-981-13-0206-0 035 $a(PPN)259469491 035 $a(EXLCZ)994100000004244365 100 $a20180523d2018 u| 0 101 0 $aeng 135 $aurcnu|||||||| 181 $ctxt$2rdacontent 182 $cc$2rdamedia 183 $acr$2rdacarrier 200 10$aMetropolitan Governance in Asia and the Pacific Rim $eBorders, Challenges, Futures /$fedited by Bligh Grant, Cathy Yang Liu, Lin Ye 205 $a1st ed. 2018. 210 1$aSingapore :$cSpringer Singapore :$cImprint: Springer,$d2018. 215 $a1 online resource (x, 221 pages) $cillustrations 311 $a981-13-0205-7 327 $aIntroduction -- Part 1: Borders -- Part 2: Policy Challenges -- Part 3: Futures. 330 $aThis edited collection examines seminal changes and major policy challenges in metropolitan governance in Asia and the Pacific Rim that are being faced by governments (national and sub-national) and their polities. The book builds upon the work of the largest stream at the Urban Affairs Association?s (UAA) Annual Conference (Urban Issues in Asia and the Pacific Rim) ? specifically, the chapters arose from presentations at the 2016 UAA Annual Conference in San Diego and ensuing discussions and debates. The book is framed by three over-arching narratives: ? the increased importance (economic, political and cultural) of the Asian region within strategic discussions of planetary urbanism and the problematisation of the concept of the Asian region as an element of these discussions ? the challenges engendered by the rapid pace of development (again, economic, political and cultural) and the endorsement, tacit or otherwise, of developmentalism in many of the polities under consideration ? the increased salience of metropolitan and urban areas, vis-à-vis other levels of governance (national; local; supra-national), particularly how it is seen as key in addressing these challenges. 606 $aPublic policy 606 $aMunicipal government 606 $aPolitical science 606 $aPublic Policy$3https://scigraph.springernature.com/ontologies/product-market-codes/911060 606 $aUrban Politics$3https://scigraph.springernature.com/ontologies/product-market-codes/911270 606 $aGovernance and Government$3https://scigraph.springernature.com/ontologies/product-market-codes/911220 615 0$aPublic policy. 615 0$aMunicipal government. 615 0$aPolitical science. 615 14$aPublic Policy. 615 24$aUrban Politics. 615 24$aGovernance and Government. 676 $a320.01 702 $aGrant$b Bligh$4edt$4http://id.loc.gov/vocabulary/relators/edt 702 $aLiu$b Cathy Yang$4edt$4http://id.loc.gov/vocabulary/relators/edt 702 $aYe$b Lin$4edt$4http://id.loc.gov/vocabulary/relators/edt 906 $aBOOK 912 $a9910300482503321 996 $aMetropolitan Governance in Asia and the Pacific Rim$91910204 997 $aUNINA